00206nam a2200073Ia 4500008004100000082001500041100002000056245005600076240331s9999 xx 000 0 und d a303.6bINT aMarga institute 0aInter racial equity and national unity in Sri Lanka